Clic Dans quel pays paraissent ces journaux ? - Statistiques

Statistiques générales
  • Ce quiz a été pris 38 fois
  • Le résultat moyen est 28 sur 98
Statistiques - réponses
Hint Réponse % Correct
Ouest-France France
91%
Tokyo sports Japon
72%
Beijing Evening news Chine
66%
Hokkaïdo Shimbun Japon
66%
USA Today Etats-Unis
63%
Sports Nippon Japon
63%
The Wall Street journal Etats-Unis
59%
Los Angeles Times Etats-Unis
56%
Beijing Youth daily Chine
53%
The New York Times Etats-Unis
53%
Liaoshen evening news Chine
50%
Punjab Kesari Inde
50%
The Times of India Inde
50%
Daily Mail Royaume-Uni
47%
Xinmin evening newq Chine
44%
Yanzhao metropolis daily Chine
44%
Hangzhou Daily Chine
44%
Pudhari Inde
44%
Nishinippon Shimbun Japon
44%
Bild Allemagne
41%
Chutian Metro Daily Chine
41%
Chengdu economic daily Chine
41%
Qianjiang evening news Chine
41%
Western China city news Chine
41%
Hindustan Dainik Inde
41%
Rajasthan Patrika Inde
41%
The Hindu Inde
41%
Sankei Sports Japon
41%
Yomiuri Shimbun Japon
41%
Mathrubhumi Inde
38%
Hindustan Times Inde
38%
Amar Ujala Inde
38%
Sports Hochi Japon
38%
Nihon Keizai Shimbun Japon
38%
Nikkan Sports Japon
38%
Sunday Mirror Royaume-Uni
38%
Guangzhou Daily Chine
34%
Daily Thanthi Inde
34%
Dainik Bhaskar Inde
34%
Daily Star Royaume-Uni
34%
The Sun Royaume-Uni
34%
The Daily mirror Royaume-Uni
34%
Yangtsee evening post Chine
31%
Yangcheng evening news Chine
31%
Joong-ang Ilbo Corée-du-Sud
31%
Shizuoka Shimbun Japon
31%
The Sunday times Royaume-Uni
31%
The mail on sunday Royaume-Uni
31%
Moskovskij Komsomolets Russie
31%
Thai Rath Thaïlande
31%
Huaxi city daily Chine
28%
Chosun Ilbo Corée-du-Sud
28%
Al Gomhuria Egypte
28%
Dinakaran Inde
28%
Chunichi Shimbun Japon
28%
Qilu evening news Chine
25%
Dong-a Ilbo Corée-du-Sud
25%
Al-Ahram Egypte
25%
Mainichi Shimbun Japon
25%
Chunichi sports Japon
25%
Sankei Shimbun Japon
25%
Busan Ilbo Corée-du-Sud
22%
Dinamalar Inde
22%
Divya Bhaskar Inde
22%
Komsomolskaya pravda Russie
22%
Kom Chad Luek Thaïlande
22%
Deccan Chronicle Inde
19%
Chugoku Shimbun Japon
19%
News of the world Royaume-Uni
19%
Maeil Kyongje Corée-du-Sud
16%
Ananda Bazar Patrika Inde
16%
Asahi Shimbun Japon
16%
Malayala Manorama Inde
13%
Rakyat Merdeka Indonésie
13%
Zaman Turquie
13%
Kronen Zeitung Autriche
9%
Nanfang ribao Chine
9%
Sakshi Inde
9%
Daily Sakal Inde
9%
Le quotidien du peuple Chine
6%
Metro express Chine
6%
Reference news Chine
6%
Lokmat Inde
6%
Dainik Jagran Inde
6%
Today evening news Chine
3%
Information Times Chine
3%
Peninsula city news Chine
3%
Economic daily Chine
3%
Eenadu Inde
3%
Aj Inde
3%
Daily news Thaïlande
3%
Southern metropolis daily Chine
0%
New express Chine
0%
Global Times Chine
0%
Modern express Chine
0%
Dahe daily Chine
0%
The Economic times Inde
0%
Daily sports Japon
0%
Aucun quiz correspondant
Distribution des résultats
% des personnes avec chaque résultat
Percentile par nombre de réponses
Votre historique - résultats
Vous n’avez pas pris ce quiz